| 000 | 00491nam a2200169 i 4500 | ||
|---|---|---|---|
| 001 | 45210 | ||
| 003 | ES-MaACL | ||
| 005 | 20230906161200.0 | ||
| 007 | t| | ||
| 008 | 030325s1970 sp ||||1| spa d | ||
| 100 | 1 |
_aCirici, Alexandre. _938890 |
|
| 245 | 1 | 2 |
_aL'art catalá contemporani / _cAlexandre Cirici. |
| 250 | _a[1ª ed.]. | ||
| 260 |
_aBarcelona : _bEd. 62, _c[1970] |
||
| 300 |
_a390 p., 8 lám. neg. y col., 4 h. pleg. : _bil. ; _c24 cm. |
||
| 852 |
_aES-MaACL _jC-37791 _bR.76098 |
||
| 999 |
_c45210 _d45210 |
||